| 000 | nam a22 4500 | ||
|---|---|---|---|
| 999 |
_c29810 _d29810 |
||
| 008 | 180730b xxu||||| |||| 00| 0 eng d | ||
| 050 | _aQA39.3 .P38 | ||
| 100 | _aPatel N. M. | ||
| 245 |
_aForm 1 Mathematics for Kenya Schools : _bKCSE (secondary 8:4:4 cycle) course with answers / _cMukul N. Patel |
||
| 260 |
_aNairobi : _bMalimu Publications, |
||
| 300 |
_a358p. : _bill.; _c18cm. |
||
| 650 |
_aMathematics _xSecondary school _yKenya |
||
| 942 |
_2lcc _cAFRICANA _hQA39.3 .P38 |
||